000
00212nam a22000857a 4500
008
170127b xxu||||| |||| 00| 0 eng d
100
_9
2587
_a
Vijaya.SR.
245
_a
General Knowledge-3
260
_a
New Delhi
_b
GBP
_c
2011
999
_c
5714
_d
5714